TF2 by clues - Statistics

General Stats
  • This quiz has been taken 394 times
  • The average score is 7 of 11
Answer Stats
Hint Answer % Correct
Pootis Heavy
98%
Nom Nom Sandvich
85%
Company that made the game Valve
84%
Bowl of Dust Dustbowl
74%
Sanic Scout
73%
Company in game Mann.Co
69%
Stun Sandman
61%
The only no-scope weapon Classic
50%
Original Bundle Orange box
49%
KGB Killing gloves of boxing
46%
Other Sandvich Buffalo Steak
39%
No matching quizzes found
Score Distribution
Percent of People with Each Score
Percentile by Number Answered
Your Score History
You have not taken this quiz